[Event "msr2018"]
[Site "?"]
[Date "2018.04.26"]
[Round "8.21"]
[White "Zacik, Tibor Gregor"]
[Black "Stevik, Patrik"]
[Result "0-1"]
[BlackElo "1713"]
[WhiteElo "1179"]
[LiveChessVersion "1.4.8"]

1. e4 {[%clk 1:30:59]} e5 {[%clk 1:30:33]} 2. Nf3 {[%clk 1:31:14]} Nc6
{[%clk 1:30:25]} 3. Bc4 {[%clk 1:29:41]} Nf6 {[%clk 1:29:19]} 4. d3
{[%clk 1:29:45]} Be7 {[%clk 1:28:36]} 5. Nbd2 {[%clk 1:29:58]} O-O
{[%clk 1:25:29]} 6. O-O {[%clk 1:30:21]} d6 {[%clk 1:21:47]} 7. Re1
{[%clk 1:29:31]} Na5 {[%clk 1:18:23]} 8. h3 {[%clk 1:26:40]} h6 {[%clk 1:15:31]}
9. a3 {[%clk 1:22:30]} Nxc4 {[%clk 1:15:55]} 10. Nxc4 {[%clk 1:22:28]} Re8
{[%clk 1:03:56]} 11. b4 {[%clk 1:14:00]} Bf8 {[%clk 0:55:49]} 12. Bb2
{[%clk 1:04:29]} g6 {[%clk 0:55:24]} 13. d4 {[%clk 1:01:25]} exd4
{[%clk 0:54:37]} 14. e5 {[%clk 1:01:16]} dxe5 {[%clk 0:34:14]} 15. Rxe5
{[%clk 0:59:55]} d3 {[%clk 0:34:32]} 16. Rxe8 {[%clk 0:54:49]} Nxe8 17. Qxd3
{[%clk 0:55:17]} Qxd3 {[%clk 0:34:18]} 18. cxd3 {[%clk 0:53:07]} Bf5
{[%clk 0:33:36]} 19. Rd1 {[%clk 0:49:26]} Rd8 {[%clk 0:28:04]} 20. Nd4
{[%clk 0:40:53]} Bc8 {[%clk 0:27:47]} 21. Nb5 {[%clk 0:40:08]} a6
{[%clk 0:22:42]} 22. Nc3 {[%clk 0:37:11]} c5 {[%clk 0:19:28]} 23. b5
{[%clk 0:37:05]} axb5 {[%clk 0:19:42]} 24. Nxb5 {[%clk 0:29:13]} Bf5
{[%clk 0:17:46]} 25. d4 {[%clk 0:28:44]} Bg7 {[%clk 0:17:49]} 26. d5
{[%clk 0:29:00]} Bxb2 {[%clk 0:15:55]} 27. Nxb2 {[%clk 0:27:57]} Bc2 28. Rc1 Bb3
{[%clk 0:15:19]} 29. Rxc5 {[%clk 0:27:39]} Bxd5 30. Nc7 Bc6 {[%clk 0:13:51]} 31.
Nxe8 {[%clk 0:26:05]} Rxe8 {[%clk 0:14:03]} 32. Kf1 {[%clk 0:24:07]} Rd8
{[%clk 0:13:21]} 33. g3 {[%clk 0:22:01]} Rd2 {[%clk 0:12:52]} 34. Nc4
{[%clk 0:19:33]} Rc2 {[%clk 0:12:36]} 35. Ke1 {[%clk 0:18:10]} Bd7
{[%clk 0:11:34]} 36. Kd1 {[%clk 0:16:48]} Ba4 {[%clk 0:09:02]} 37. Rc8+
{[%clk 0:16:30]} Kg7 {[%clk 0:09:14]} 38. Ke1 {[%clk 0:15:23]} Bd7
{[%clk 0:09:14]} 39. Kd1 {[%clk 0:13:52]} Rxf2 {[%clk 0:09:06]} 40. Rc7
{[%clk 0:13:35]} Bxh3 {[%clk 0:09:14]} 41. Rxb7 {[%clk 0:13:47]} Rg2
{[%clk 0:08:01]} 42. Nd2 {[%clk 0:12:15]} Rxg3 {[%clk 0:08:05]} 43. Rb3
{[%clk 0:12:33]} Rxb3 {[%clk 0:07:15]} 44. Nxb3 {[%clk 0:12:54]} Bg2
{[%clk 0:07:25]} 45. a4 {[%clk 0:13:19]} h5 {[%clk 0:07:15]} 46. Nd2
{[%clk 0:13:35]} h4 {[%clk 0:07:26]} 47. Ke1 {[%clk 0:12:35]} h3 {[%clk 0:07:36]}
48. Kf2 {[%clk 0:12:53]} g5 {[%clk 0:07:51]} 49. a5 {[%clk 0:12:35]} g4
{[%clk 0:07:59]} 50. a6 {[%clk 0:12:28]} f5 {[%clk 0:07:59]} 51. a7
{[%clk 0:08:29]} f4 {[%clk 0:08:07]} 52. Nc4 {[%clk 0:26:12]} g3+
{[%clk 0:38:15]} 53. Ke2 {[%clk 0:21:41]} h2 {[%clk 0:38:17]} 54. Nd2
{[%clk 0:21:40]} h1=Q {[%clk 0:37:35]} 55. Nf3 {[%clk 0:19:40]} Bxf3+
{[%clk 0:37:52]} 56. Kd3 {[%clk 0:19:46]} g2 {[%clk 0:38:10]} 57. Kc3
{[%clk 0:19:37]} g1=Q {[%clk 0:38:19]} 58. a8=Q {[%clk 0:19:11]} Bxa8
{[%clk 0:38:35]} 59. Kd3 {[%clk 0:19:29]} f3 {[%clk 0:38:46]} 60. Kd2
{[%clk 0:19:31]} f2 {[%clk 0:39:06]} 61. Kc3 {[%clk 0:19:11]} f1=Q
{[%clk 0:39:28]} 62. Kd2 {[%clk 0:18:43]} Qd4+ {[%clk 0:39:44]} 63. Kc2
{[%clk 0:19:02]} Be4+ {[%clk 0:40:02]} 64. Kb3 {[%clk 0:19:19]} Qb5+
{[%clk 0:40:24]} 65. Ka3 {[%clk 0:19:15]} Qha1# 0-1

[Event "msr2018"]
[Site "?"]
[Date "2018.04.26"]
[Round "8.22"]
[White "Orgon, Patrik"]
[Black "Simon, Leonard"]
[Result "1/2-1/2"]
[BlackElo "1373"]
[WhiteElo "1402"]
[LiveChessVersion "1.4.8"]

1. e4 {[%clk 1:30:59]} d5 {[%clk 1:30:43]} 2. exd5 {[%clk 1:31:19]} Qxd5
{[%clk 1:31:04]} 3. Nc3 {[%clk 1:31:27]} Qd6 {[%clk 1:31:18]} 4. Bc4
{[%clk 1:31:00]} Nf6 {[%clk 1:31:30]} 5. d3 {[%clk 1:30:44]} a6 {[%clk 1:31:31]}
6. Qe2 {[%clk 1:22:03]} b5 {[%clk 1:30:22]} 7. Bb3 {[%clk 1:20:58]} Bb7
{[%clk 1:29:10]} 8. f3 {[%clk 1:17:45]} e6 {[%clk 1:26:43]} 9. Ne4
{[%clk 1:11:31]} Nxe4 {[%clk 1:22:15]} 10. fxe4 {[%clk 1:10:32]} Be7
{[%clk 1:20:38]} 11. Nf3 {[%clk 1:09:14]} c5 {[%clk 1:17:05]} 12. a3
{[%clk 1:07:29]} Nc6 13. Be3 {[%clk 1:02:35]} Rc8 {[%clk 1:09:47]} 14. c4
{[%clk 0:59:08]} O-O {[%clk 1:07:03]} 15. cxb5 {[%clk 0:58:18]} axb5
{[%clk 1:07:20]} 16. O-O {[%clk 0:56:52]} Rfd8 {[%clk 1:03:39]} 17. Rfd1
{[%clk 0:55:00]} Bf6 {[%clk 1:03:28]} 18. Bf2 {[%clk 0:53:22]} Ne5
{[%clk 1:00:21]} 19. Nxe5 {[%clk 0:47:33]} Bxe5 {[%clk 0:59:01]} 20. h3
{[%clk 0:47:15]} Ba6 {[%clk 0:54:06]} 21. Qc2 {[%clk 0:45:22]} b4
{[%clk 0:52:11]} 22. Bc4 {[%clk 0:39:43]} Bb7 {[%clk 0:48:27]} 23. Qb3
{[%clk 0:37:24]} Rd7 {[%clk 0:44:31]} 24. Rab1 {[%clk 0:35:17]} h6
{[%clk 0:39:14]} 25. axb4 {[%clk 0:33:52]} cxb4 {[%clk 0:36:36]} 26. Ra1
{[%clk 0:31:51]} Bf6 {[%clk 0:34:53]} 27. Rab1 {[%clk 0:26:51]} Be5
{[%clk 0:34:44]} 28. Be1 {[%clk 0:26:15]} Bd4+ {[%clk 0:34:16]} 29. Kh1
{[%clk 0:24:57]} Bc5 {[%clk 0:34:06]} 30. Bd2 {[%clk 0:22:31]} Bc6
{[%clk 0:29:58]} 31. Qc2 {[%clk 0:19:41]} 1/2-1/2

[Event "msr2018"]
[Site "?"]
[Date "2018.04.26"]
[Round "8.23"]
[White "Musaev, Matej Elbek"]
[Black "Sandor, Samuel"]
[Result "0-1"]
[BlackElo "1603"]
[WhiteElo "1723"]
[LiveChessVersion "1.4.8"]

1. e4 {[%clk 1:30:59]} d5 {[%clk 1:30:54]} 2. exd5 {[%clk 1:31:07]} Qxd5
{[%clk 1:31:15]} 3. Nc3 {[%clk 1:31:16]} Qa5 {[%clk 1:31:32]} 4. Bc4
{[%clk 1:30:37]} c6 {[%clk 1:31:25]} 5. h3 {[%clk 1:28:00]} Bf5 {[%clk 1:30:01]}
6. Nf3 {[%clk 1:28:03]} Nf6 {[%clk 1:28:32]} 7. O-O {[%clk 1:27:30]} e6
{[%clk 1:27:36]} 8. d4 {[%clk 1:27:20]} Qc7 {[%clk 1:25:56]} 9. Bb3
{[%clk 1:25:09]} h6 {[%clk 1:23:56]} 10. Re1 {[%clk 1:25:01]} Be7
{[%clk 1:23:58]} 11. Ne2 {[%clk 1:18:06]} Nbd7 {[%clk 1:09:11]} 12. Bf4
{[%clk 1:17:56]} Bd6 {[%clk 1:08:34]} 13. Bxd6 {[%clk 1:18:03]} Qxd6
{[%clk 1:08:56]} 14. Ng3 {[%clk 1:17:48]} Bh7 {[%clk 1:08:18]} 15. c4
{[%clk 1:17:07]} O-O-O {[%clk 1:03:33]} 16. c5 {[%clk 1:14:11]} Qc7
{[%clk 1:00:27]} 17. Qc1 {[%clk 1:12:28]} g5 18. Nd2 {[%clk 1:08:10]} Nf8
{[%clk 0:48:51]} 19. Qc3 {[%clk 1:06:29]} Qf4 {[%clk 0:43:02]} 20. Ne2
{[%clk 1:01:29]} Qc7 {[%clk 0:39:16]} 21. d5 {[%clk 0:58:52]} N8d7
{[%clk 0:30:52]} 22. dxe6 {[%clk 0:55:40]} Ne5 {[%clk 0:29:12]} 23. Nc1
{[%clk 0:50:45]} fxe6 {[%clk 0:26:13]} 24. Rxe5 {[%clk 0:48:28]} Rxd2
{[%clk 0:26:02]} 25. Rxe6 {[%clk 0:47:20]} Rhd8 {[%clk 0:25:23]} 26. Qe5
{[%clk 0:42:38]} Qxe5 {[%clk 0:24:18]} 27. Rxe5 {[%clk 0:42:23]} Rxb2
{[%clk 0:22:51]} 28. Re6 {[%clk 0:40:50]} Rf8 {[%clk 0:22:20]} 29. Bc4
{[%clk 0:39:02]} Ne4 {[%clk 0:20:53]} 30. f3 {[%clk 0:37:00]} Nf6
{[%clk 0:20:29]} 31. Bf1 {[%clk 0:32:15]} h5 {[%clk 0:19:54]} 32. Nb3
{[%clk 0:32:12]} g4 {[%clk 0:19:31]} 33. Nd4 {[%clk 0:30:21]} gxh3
{[%clk 0:19:08]} 34. gxh3 {[%clk 0:30:44]} Rg8+ {[%clk 0:19:02]} 35. Kh1
{[%clk 0:30:53]} Nd5 {[%clk 0:17:27]} 36. a4 {[%clk 0:25:10]} Nf4
{[%clk 0:15:23]} 37. Re7 {[%clk 0:23:31]} Bd3 {[%clk 0:14:47]} 38. Bxd3
{[%clk 0:12:55]} Nxd3 {[%clk 0:15:02]} 39. Re2 {[%clk 0:12:57]} Rxe2
{[%clk 0:14:23]} 40. Nxe2 {[%clk 0:12:58]} Nxc5 {[%clk 0:14:25]} 41. Kh2
{[%clk 0:12:52]} Kc7 {[%clk 0:13:41]} 42. Nf4 {[%clk 0:12:32]} Rg5
{[%clk 0:12:41]} 43. h4 {[%clk 0:11:00]} Re5 {[%clk 0:12:18]} 44. Kg3
{[%clk 0:11:04]} Nd7 {[%clk 0:09:41]} 45. Rc1 {[%clk 0:08:24]} Ra5
{[%clk 0:08:08]} 46. Rc4 {[%clk 0:08:23]} Nf6 {[%clk 0:05:20]} 47. Ne6+
{[%clk 0:04:40]} Kd7 {[%clk 0:02:29]} 48. Nc5+ {[%clk 0:03:21]} Kc8
{[%clk 0:02:32]} 49. Kf4 {[%clk 0:02:13]} Nd5+ {[%clk 0:01:18]} 50. Kg5
{[%clk 0:29:47]} Nb6 {[%clk 0:30:34]} 51. Kg6 {[%clk 0:28:58]} Nxc4
{[%clk 0:30:34]} 0-1

[Event "msr2018"]
[Site "?"]
[Date "2018.04.26"]
[Round "8.24"]
[White "Boba, Dominik"]
[Black "Skreko, Igor"]
[Result "0-1"]
[BlackElo "1586"]
[WhiteElo "1577"]
[LiveChessVersion "1.4.8"]

1. d4 {[%clk 1:30:57]} d5 {[%clk 1:30:53]} 2. c4 {[%clk 1:31:21]} c6
{[%clk 1:31:15]} 3. Nc3 {[%clk 1:31:21]} e6 {[%clk 1:31:21]} 4. Nf3
{[%clk 1:30:58]} Nf6 {[%clk 1:31:31]} 5. Bf4 {[%clk 1:29:05]} Be7
{[%clk 1:29:39]} 6. e3 {[%clk 1:29:17]} O-O {[%clk 1:29:11]} 7. Bd3
{[%clk 1:26:14]} Nbd7 {[%clk 1:26:52]} 8. O-O {[%clk 1:25:41]} Re8
{[%clk 1:24:56]} 9. cxd5 {[%clk 1:23:21]} exd5 {[%clk 1:24:13]} 10. h3
{[%clk 1:22:18]} Nf8 {[%clk 1:19:59]} 11. Qc2 {[%clk 1:12:56]} Ng6
{[%clk 1:18:26]} 12. Ng5 {[%clk 0:57:24]} Nh5 {[%clk 1:09:41]} 13. Nf3
{[%clk 0:48:36]} Nhxf4 {[%clk 1:07:25]} 14. exf4 {[%clk 0:48:52]} Bd6
{[%clk 0:55:50]} 15. Ne5 {[%clk 0:30:39]} Qf6 {[%clk 0:53:34]} 16. Bxg6
{[%clk 0:19:49]} hxg6 {[%clk 0:52:07]} 17. Qd2 {[%clk 0:19:00]} Bf5
{[%clk 0:41:37]} 18. Ne2 {[%clk 0:14:46]} Qe7 {[%clk 0:36:36]} 19. g4
{[%clk 0:10:48]} Be6 {[%clk 0:33:05]} 20. Ng3 {[%clk 0:10:03]} Kh7
{[%clk 0:31:25]} 21. Kg2 {[%clk 0:10:21]} f6 {[%clk 0:30:50]} 22. Nf3
{[%clk 0:07:18]} Qd7 {[%clk 0:27:07]} 23. Rae1 {[%clk 0:05:52]} Re7
{[%clk 0:22:44]} 24. f5 {[%clk 0:04:16]} gxf5 {[%clk 0:21:47]} 25. gxf5
{[%clk 0:04:19]} Bxf5 {[%clk 0:21:22]} 26. Nxf5 {[%clk 0:03:57]} Qxf5
{[%clk 0:21:17]} 27. Nh4 {[%clk 0:03:09]} Qh5 {[%clk 0:19:26]} 28. Qd3+
{[%clk 0:02:17]} g6 {[%clk 0:19:08]} 29. Rxe7+ {[%clk 0:02:15]} Bxe7
{[%clk 0:19:29]} 30. Re1 {[%clk 0:02:00]} Bb4 {[%clk 0:18:55]} 31. Re3
{[%clk 0:01:15]} Qxh4 {[%clk 0:16:57]} 32. Rg3 {[%clk 0:01:22]} f5
{[%clk 0:15:43]} 33. a3 {[%clk 0:00:56]} Bd6 {[%clk 0:15:21]} 34. Rf3
{[%clk 0:01:09]} Qe4 {[%clk 0:13:40]} 35. Qxe4 {[%clk 0:01:07]} dxe4
{[%clk 0:13:32]} 36. Rb3 {[%clk 0:01:03]} b6 {[%clk 0:13:40]} 37. Rc3
{[%clk 0:01:12]} c5 {[%clk 0:13:47]} 38. dxc5 {[%clk 0:01:22]} Bxc5
{[%clk 0:13:16]} 39. Rc2 {[%clk 0:01:37]} Rd8 {[%clk 0:13:13]} 40. b4
{[%clk 0:01:49]} Bd6 {[%clk 0:12:52]} 41. Rc6 {[%clk 0:01:26]} Kg7
{[%clk 0:12:40]} 42. Kf1 {[%clk 0:01:12]} Kf6 {[%clk 0:12:12]} 43. Ke2
{[%clk 0:01:09]} f4 {[%clk 0:11:25]} 44. f3 {[%clk 0:00:46]} e3 {[%clk 0:11:37]}
45. Kf1 {[%clk 0:00:37]} Ke6 {[%clk 0:11:20]} 46. Ke2 {[%clk 0:00:40]} Rh8
{[%clk 0:11:16]} 47. Rc4 {[%clk 0:29:54]} Rxh3 {[%clk 0:41:09]} 48. Rc8
{[%clk 0:29:33]} Rh2+ {[%clk 0:40:46]} 49. Ke1 {[%clk 0:29:40]} Be7
{[%clk 0:40:17]} 50. Ra8 {[%clk 0:28:30]} Bh4+ {[%clk 0:40:31]} 0-1